Ensayos sobre teoría monetaria (Registro nro. 10590)

Detalles MARC
000 -ENCABEZADO
Número de control [NR] 00953nam a2200241Ia 4500
008 - DE LONGITUD FIJA DE DATOS DE ELEMENTOS - INFORMACIÓN GENERAL
Elementos de longitud fija [NR] 130821s1946 sp a gr spa
040 ## - FUENTE DE CATALOGACION [NR]
Agencia de catalogación original [NR] Co-BoUCM
Idioma de catalogación [NR] spa
041 ## - CODIGO DE IDIOMA [R]
Código de idioma para texto/pista de sonido o título separado [R] Español
100 1# - ASIENTO PRINCIPAL--NOMBRE PERSONAL [NR]
Nombre personal [NR] Robertson, D. H.
ID Autoridad 113653
245 10 - MENCION DE TITULO [NR]
Título [NR] Ensayos sobre teoría monetaria
Mención de responsabilidad, etc. [NR] D. H. Robertson ; traducción del inglés por José Fuentes Ruiz , revisión y prólogo por German Bernacer
260 ## - PUBLICACION, DISTRIBUCION, ETC. (PIE DE IMPRENTA) [R]
Lugar de publicación, distribución, etc. [R] Madrid (España)
Nombre del editor, distribuidor, etc. [R] Aguilar
Fecha de publicación, distribución, etc. [R] 1946
300 ## - DESCRIPCION FISICA [R]
Extensión [R] xxiv, 267 páginas
Otros detalles físicos [NR] ilustraciones, gráficas
500 ## - NOTA GENERAL [R]
Nota general [NR] El ejemplar No. 2 es Donación Dr. Álvaro Daza Roa.
650 04 - ASIENTO SECUNDARIO DE MATERIA - TERMINO TEMATICO [R]
Término temático o nombre geográfico como elemento de entrada [NR] Comercio internacional
9 (RLIN) 11207
650 04 - ASIENTO SECUNDARIO DE MATERIA - TERMINO TEMATICO [R]
Término temático o nombre geográfico como elemento de entrada [NR] Demanda (Teoría económica)
9 (RLIN) 12607
650 04 - ASIENTO SECUNDARIO DE MATERIA - TERMINO TEMATICO [R]
Término temático o nombre geográfico como elemento de entrada [NR] Moneda
9 (RLIN) 19708
650 04 - ASIENTO SECUNDARIO DE MATERIA - TERMINO TEMATICO [R]
Término temático o nombre geográfico como elemento de entrada [NR] Política monetaria
9 (RLIN) 22001
700 1# - ASIENTO SECUNDARIO - NOMBRE PERSONAL [R]
Nombre personal [NR] Bernacer, German
Término de relación [R]
--
9 (RLIN) 110928
700 1# - ASIENTO SECUNDARIO - NOMBRE PERSONAL [R]
Nombre personal [NR] Fuentes Ruiz, José
Término de relación [R]
9 (RLIN) 113654
765 0# - ASIENTO DE IDIOMA ORIGINAL [R]
Título [NR] Essays in monetary theory
942 ## - ELEMENTOS DE ENTRADA AGREGADOS (KOHA)
Tipo de ítem principal el descrito en 300a Libro
Tema principal Generalidades
Edición 1
Parte restante de la signatura top. R649e
Sistema de clasificación DEWEY
Clasificación 332.401
Existencias
Fecha de último préstamo Signatura topográfica Código de barras Última vez visto Ejemplar Price effective from Tipo de ítem Perdido Sistema de clasificación Dañado No prestable Tipo de ítem específico Suprimido Ubicación habitual Ubicación actual Localización Fecha de creación Forma de adquisición Costo Total préstamos
02/05/2011 FAD 332.401 R649e 100113224 09/05/2018 Ej.2 03/02/2013 Libro   DEWEY     Fondos especiales     Archivo Histórico Archivo histórico 28/02/2011 Donación 26000.00  
  332.401 R61 100001070 06/12/2010 Ej.1 03/02/2013 Libro   DEWEY     Libro   Bodega Bodega Préstamo 4 días después de solicitado 28/02/2003 Compra 200.00